| 000 | 00832nab a2200253 u 4500 | ||
|---|---|---|---|
| 001 | 17589 | ||
| 003 | HDC | ||
| 007 | cr bn ---aaaaa | ||
| 008 | 210224b2013mmddsi d||neo|| 00| 0eng | ||
| 040 | _aHDC | ||
| 100 |
_aRozanna Latiff _98545 |
||
| 245 | 0 |
_aTokyo taps KL to boost Muslim tourism _c/ Rozanna Latiff |
|
| 260 |
_aSingapore: _bSingapore Press Holdings, _c2013 |
||
| 300 | _a1 online resource | ||
| 336 |
_atext _2rdacontent |
||
| 337 |
_acomputer _2rdamedia |
||
| 338 |
_aonline resource _2rdacarrier |
||
| 650 |
_aTourism industry _zJapan _916903 |
||
| 710 | _aThe Business Times | ||
| 856 | _zRequest full-text at [email protected] | ||
| 942 | _2lcc | ||
| 942 | _cNEWS | ||
| 942 | _kNWSO 003960 | ||
| 999 |
_c14905 _d14905 |
||